Dopasuj atrakcję do miasta - Statystyki

Ogólne statystyki
  • Ten quiz został rozwiązany 38 razy
  • Średni wynik to 11 z 18
Statystyki odpowiedzi
Hint Odpowiedź % Poprawnych
Dom Kopernika Toruń
100%
Stadion Narodowy Warszawa
100%
Westerplatte Gdańsk
97%
Wawel Kraków
97%
Koziołki Poznań
90%
Spodek Katowice
87%
Muzeum Polskiej Piosenki Opole
87%
Hala Stulecia Wrocław
80%
Piotrkowska Łódź
77%
Majdanek Lublin
60%
Pałac Branieckich Białystok
57%
Park Winny Zielona Góra
43%
Kadzielnia Kielce
40%
Wały Chrobrego Szczecin
33%
Opera Nova Bydgoszcz
20%
Hala Urania Olsztyn
20%
Pałac Lubomirskich Rzeszów
20%
Spichlerz Dekerta Gorzów Wielkopolski
10%
Nie znaleziono quizów pasujących do podanych kryteriów
Rozkład punktacji
Procent ludzi z każdym wynikiem
Percentyl według liczby udzielonych odpowiedzi
Twoja historia wyników
Nie rozwiązałeś tego quizu